000 00684nam a2200241 i 4500
001 16529
003 ES-MaACL
005 20250804052218.0
007 t|
008 001016s1998 sp |||| | spa d
020 _a84-493-0539-X
080 _a128
100 1 _aDerrida, Jacques.
_943797
245 1 0 _aAporías
_b: morir, esperarse (en) los "límites de la verdad" /
_cJacques Derrida.
250 _a1ª ed.
260 _aBarcelona :
_bPaidós Ibérica,
_c1998.
300 _a130 p. ;
_c20 cm.
490 1 _aPaidós studio ;
_v122
650 7 _aMuerte
_2embne
_915241
830 0 _aPaidós studio ;
_v122
_9178141
852 _aES-MaACL
_jL-23796
999 _c16529
_d16529